000 00482nam a2200169Ia 4500
999 _c12397
_d12397
003 OSt
005 20201015125218.0
008 190216s9999||||xx |||||||||||||| ||und||
040 _coclc
082 _a822.914
_bCHR/T
100 _aChristie, Agatha
_95075
245 0 _aTen Little Niggers /
_cAgatha Christie
260 _bJaico Publishing House,
_c1970.
_aBombay:
300 _a190p
650 _aNovel
942 _cBK
_2ddc
_h822.914
_iCHR/T
_k822.914
_mCHR/T